Achieve financial freedom-big time ! : (Record no. 18779)
[ view plain ]
| 000 -LEADER | |
|---|---|
| fixed length control field | 01620cam a2200313 a 4500 |
| 001 - CONTROL NUMBER | |
| control field | 17274175 |
| 005 - DATE AND TIME OF LATEST TRANSACTION | |
| control field | 20141215142924.0 |
| 008 - FIXED-LENGTH DATA ELEMENTS--GENERAL INFORMATION | |
| fixed length control field | 120426t2013 xxua frb 001 0 eng d |
| 010 ## - LIBRARY OF CONGRESS CONTROL NUMBER | |
| LC control number | 2012016983 |
| 020 ## - INTERNATIONAL STANDARD BOOK NUMBER | |
| International Standard Book Number | 9780071798501 (pbk. : acidfree paper) |
| 020 ## - INTERNATIONAL STANDARD BOOK NUMBER | |
| International Standard Book Number | 0071798501 (pbk. : acidfree paper) |
| 040 ## - CATALOGING SOURCE | |
| Original cataloging agency | DLC |
| Transcribing agency | DLC |
| Modifying agency | DLC |
| -- | EG-ScBUE |
| 082 00 - DEWEY DECIMAL CLASSIFICATION NUMBER | |
| Classification number | 332.02401 |
| Edition number | 22 |
| Item number | BOT |
| 100 1# - MAIN ENTRY--PERSONAL NAME | |
| Personal name | Botkin, Sanford C. |
| 9 (RLIN) | 36931 |
| 245 10 - TITLE STATEMENT | |
| Title | Achieve financial freedom-big time ! : |
| Remainder of title | wealth-building secrets from everyday millionaires / |
| Statement of responsibility, etc | Sandy Botkin, Matthew Botkin. |
| 246 3# - VARYING FORM OF TITLE | |
| Title proper/short title | Achieve financial freedombig time : |
| Remainder of title | wealth-building secrets from everyday millionaires |
| 260 ## - PUBLICATION, DISTRIBUTION, ETC. (IMPRINT) | |
| Place of publication, distribution, etc | New York, United States : |
| Name of publisher, distributor, etc | McGraw-Hill, |
| Date of publication, distribution, etc | c.2013. |
| 300 ## - PHYSICAL DESCRIPTION | |
| Extent | xv, 311 p. : |
| Other physical details | tables ; |
| Dimensions | 24 cm. |
| 500 ## - GENERAL NOTE | |
| General note | Includes appendixes. |
| 500 ## - GENERAL NOTE | |
| General note | Index : p. 301-311. |
| 504 ## - BIBLIOGRAPHY, ETC. NOTE | |
| Bibliography, etc | Includes bibliographical references. |
| 505 0# - FORMATTED CONTENTS NOTE | |
| Formatted contents note | The beginning : we've got to start somewhere-Reserves-Compound interest : the eighth wonder of the world-Saving money, part I : the real secret of wealth-Saving money, part II : how to pay for college-Getting out of debt forever-How to avoid scams, slams, and shams-Homes and mortgages-Investing, part I-Investing, part II-Insurance, part I-Insurance, part II-Social security-Estate planning-Retirement planning-Asset protection-Alternative housing for the elderly-Evaluating a financial planner. |
| 650 #0 - SUBJECT ADDED ENTRY--TOPICAL TERM | |
| Topical term or geographic name as entry element | Finance, Personal |
| 9 (RLIN) | 22964 |
| 650 #0 - SUBJECT ADDED ENTRY--TOPICAL TERM | |
| Topical term or geographic name as entry element | Wealth |
| 9 (RLIN) | 36932 |
| 653 ## - INDEX TERM--UNCONTROLLED | |
| Resource For college | BAEPS, Business Administration |
| Arrived date list | December2014 |
| 655 ## - INDEX TERM--GENRE/FORM | |
| Form subdivision | |
| -- | 34232 |
| 700 1# - ADDED ENTRY--PERSONAL NAME | |
| Personal name | Botkin, Matthew |
| 9 (RLIN) | 36933 |
| 942 ## - ADDED ENTRY ELEMENTS (KOHA) | |
| Source of classification or shelving scheme | Dewey Decimal Classification |
| Call number prefix | 332.02401 BOT |
| Withdrawn status | Item status | Source of classification or shelving scheme | Damaged status | Not for loan | Vendor | Home library | Current library | Shelving location | Date acquired | Source of acquisition | Cost, normal purchase price | Serial Enumeration / chronology | Total Checkouts | Total Renewals | Full call number | Barcode | Date last seen | Date last borrowed | Cost, replacement price | Koha item type |
|---|---|---|---|---|---|---|---|---|---|---|---|---|---|---|---|---|---|---|---|---|
| Dewey Decimal Classification | Baccah | Central Library | Central Library | First floor | 15/12/2014 | 126.00 | 20677 | 1 | 2 | 332.02401 BOT | 000037176 | 15/07/2025 | 24/11/2019 | 157.50 | Book - Borrowing |